IL MESSAGGIO DEL CUORE DI GESÙ. N. IV. ANNO X. APRILE 1987. (Record n. 320281)
[ formato base ]
| 000 -LEADER | |
|---|---|
| fixed length control field | 01971nas a2200277Ia 4500 |
| 001 - CONTROL NUMBER | |
| control field | R232-R2207 |
| 003 - CONTROL NUMBER IDENTIFIER | |
| control field | IT-CnALBA |
| 008 - FIXED-LENGTH DATA ELEMENTS--GENERAL INFORMATION | |
| fixed length control field | 170116c99999999xx |||||||||||| ||und|| |
| 040 ## - CATALOGING SOURCE | |
| Original cataloging agency | IT-CnALBA |
| Transcribing agency | IT-CnALBA |
| 041 ## - LANGUAGE CODE | |
| Language code of text/sound track or separate title | ITALIANO |
| 999 ## - SYSTEM CONTROL NUMBERS (KOHA) | |
| Koha Dewey Subclass [OBSOLETE] | NO |
| 100 ## - MAIN ENTRY--PERSONAL NAME | |
| Personal name | TALIERCIO GIUSEPPE, MONSIGNORE |
| 210 ## - ABBREVIATED TITLE | |
| Abbreviated title | IL MESSAGGIO DEL CUORE DI GESÙ |
| 222 ## - KEY TITLE | |
| Key title | IL MESSAGGIO DEL CUORE DI GESÙ |
| 245 #0 - TITLE STATEMENT | |
| Title | IL MESSAGGIO DEL CUORE DI GESÙ. N. IV. ANNO X. APRILE 1987. |
| Remainder of title | ORGANO UFFICIALE DELL'APOSTOLATO DELLA PREGHIERA |
| 250 ## - EDITION STATEMENT | |
| Edition statement | 1a ed. |
| 260 ## - PUBLICATION, DISTRIBUTION, ETC. (IMPRINT) | |
| Place of publication, distribution, etc. | ROMA |
| Name of publisher, distributor, etc. | MESSAGGERO DEL SACRO CUORE |
| Date of publication, distribution, etc. | 1987 |
| 300 ## - PHYSICAL DESCRIPTION | |
| Extent | 96 p. |
| 310 ## - CURRENT PUBLICATION FREQUENCY | |
| Current publication frequency | MENSILE |
| 362 ## - DATES OF PUBLICATION AND/OR SEQUENTIAL DESIGNATION | |
| Dates of publication and/or sequential designation | Fascicolo: 4 / Anno: 10 (1987) |
| 500 ## - GENERAL NOTE | |
| General note | INTENZIONI DEL PAPA E COMMENTO. INTERCESSIONE DI MARIA. APPLICAZIONE DEL CONCILIO. LAOS E CAMBOGIA, CHIESE NEL SILENZIO. CAUSE DELLA CRISI DELLA DOVOZIONE AL CUORE DI GESÙ. TESTIMONIANZE CONFIDENZE SU GESÙ. ASPETTI SCONCERTANTI DELLA PASSIONE. PAROLA DI VITA, COMMENTO OMILETICO DEL TEMPO FESTIVO. ASCENSIONE DEL SIGNORE. LETTERE DEL DIRETTORE. DISEGNI ILLUSTRATIVI NEL TESTO. RECENSIONI. S. GABRIELE DELL'ADDOLORATA E DEVOZIONE AL CUORE DI GESÙ. PERRINO M.P. IGLESIAS M. SCURANI A. NARDELLI A. BELLUCCI G. VITA DEI GRUPPI. CRONACHE. |
| 501 ## - WITH NOTE | |
| With note | Società San Paolo EM - Piazza San Paolo, 14 - 12051 ALBA (CN) (non commercial uses only) ® Copyright 2017 |
| 520 ## - SUMMARY, ETC. | |
| Summary, etc. | INTENZIONI DEL PAPA E COMMENTO. INTERCESSIONE DI MARIA. APPLICAZIONE DEL CONCILIO. LAOS E CAMBOGIA, CHIESE NEL SILENZIO. CAUSE DELLA CRISI DELLA DOVOZIONE AL CUORE DI GESÙ. TESTIMONIANZE CONFIDENZE SU GESÙ. ASPETTI SCONCERTANTI DELLA PASSIONE. PAROLA DI VITA, COMMENTO OMILETICO DEL TEMPO FESTIVO. ASCENSIONE DEL SIGNORE. LETTERE DEL DIRETTORE. DISEGNI ILLUSTRATIVI NEL TESTO. RECENSIONI. S. GABRIELE DELL'ADDOLORATA E DEVOZIONE AL CUORE DI GESÙ. PERRINO M.P. IGLESIAS M. SCURANI A. NARDELLI A. BELLUCCI G. VITA DEI GRUPPI. CRONACHE. |
| 650 ## - SUBJECT ADDED ENTRY--TOPICAL TERM | |
| Topical term or geographic name as entry element | VITA E MISTERO DI CRISTO |
| 942 ## - ADDED ENTRY ELEMENTS (KOHA) | |
| Koha item type | RIVISTA |
| 957 ## - | |
| -- | 1 |
| 999 ## - SYSTEM CONTROL NUMBERS (KOHA) | |
| -- | 1 |
| Withdrawn status | Lost status | Damaged status | Not for loan | Home library | Current library | Date acquired | Total Checkouts | Full call number | Date last seen | Price effective from | Koha item type | Public note |
|---|---|---|---|---|---|---|---|---|---|---|---|---|
| Buone Condizioni | Not For Loan | ALBA - Biblioteca | ALBA - Biblioteca | 16/01/2017 | R232-R2207 | 16/01/2017 | 16/01/2017 | RIVISTA | (data import: 16 gennaio 2017) - By Epidotti, Vaglietti. |